Evaluación de aceites esenciales en crustáceos plaga : Armadillidium vulgare y Porcellio laevis /

Guardado en:
Autor Principal: González Marcel, Julián.
Autor Corporativo: Universidad Nacional del Sur. Departamento de Agronomía.
Otros Autores: Sánchez Chopa, Carolina, (tutor.)
Formato: Libro
Idioma:Spanish
Publicado: Bahía Blanca, 2018.
Materias:
Etiquetas: Agregar Etiqueta
Sin Etiquetas, Sea el primero en etiquetar este registro!
LEADER 00962nam a22002295a 4500
001 EEA.libagro011007
005 20181010091307.0
008 180705s2018####ag############000#0#spa#d
082 0 4 |a 632.6 
100 1 |a González Marcel, Julián. 
245 1 0 |a Evaluación de aceites esenciales en crustáceos plaga :  |b Armadillidium vulgare y Porcellio laevis /  |c Julián González Marcel. 
260 |a Bahía Blanca,  |c 2018. 
300 |a 31 h. :  |b il., fot. col. ;  |c 30 cm. 
500 |a Trabajo de intensificación (Ingeniero Agrónomo) -- Universidad Nacional del Sur. Departamento de Agronomía, 2018. 
650 7 |a Aceites esenciales  |2 agrovoc 
650 7 |a Esencia de lavanda  |2 agrovoc 
650 7 |a Esencia de jazmín  |2 agrovoc 
650 7 |a Armadillidium  |2 agrovoc 
650 7 |a Isopoda  |2 agrovoc 
700 1 |a Sánchez Chopa, Carolina,  |e tutor. 
710 2 |a Universidad Nacional del Sur.  |b Departamento de Agronomía. 
859 |a AR-BbBCA  |b BIB. AGRONOMIA  |h 632.6  |i G643  |p 2018/6929